Quiz sugli animali - Statistics

Statistiche generali
  • Questo quiz è stato fatto 252 volte
  • Il punteggio medio è 7 su 15
Statistiche sulle risposte
Domanda Risposta % Corretto
Quali sono gli unici uccelli a saper volare all'indietro? I colibrì
82%
Quanti denti hanno gli elefanti africani per masticare il cibo? 4
71%
Quante volte batte il cuore di un topo al minuto? 750
55%
Cosa non sanno fare i maiali? Guardare il cielo
51%
Come hanno le pupille le capre? Rettangolari
49%
Chi sono gli unici animali oltre all'uomo ad allevare altri animali? Le formiche
45%
Quanti cuori hanno i polpi? 3
44%
Quanto tempo è durato il volo più lungo mai documentato di un pollo? 13 secondi
42%
Quanti chili di bamboo devono mangiare i panda al giorno per sopravvivere? 45
42%
Quanti anni può vivere una tarantola senza mangiare? 2 anni
37%
Quante volte scende il bradipo dagli alberi per "andare in bagno"? 1 volta ogni settimana
34%
Che colore hanno i denti dei castori? Arancioni
34%
Fino a quante ore possono dormire i maschi di leone? 20
30%
Com'è chiamato un gruppo di rane? Esercito
19%
Quanti occhi hanno le cavallette? 5
15%
Nessun quiz corrispondente trovato
Distribuzione punteggi
Percentuale di utenti per punteggio
Percentile per numero di risposta
I tuoi punteggi nel tempo
Non hai fatto questo quiz